000 00391 a2200169 4500
001 190606
020 _a978-852628158-5
040 _cMagnum
100 _aCarrascoza, João Anzanello
240 1 0 _aO menino que furou o céu
_lING
245 1 0 _aO menino que furou o céu
300 _a30
362 0 _a2005
440 1 _aScipione
697 _aLITERATURA INFANTO-JUVENIL
942 _cBK
999 _c190606
_d190606